| 000 | 01095cam a2200361 a 4500 | ||
|---|---|---|---|
| 001 | 72623 | ||
| 003 | ASAB | ||
| 005 | 20180827062706.0 | ||
| 008 | 820401s1982 ctua b 001 0 eng | ||
| 010 | _a 81007961 | ||
| 020 | _a81-239-1001-0 | ||
| 035 | _a(OCoLC)ocm07555484 | ||
| 035 | _a(CStRLIN)NYCG82-B15399 | ||
| 035 | _a(NNC)72623 | ||
| 040 |
_dNNC _cASAB |
||
| 050 | 0 |
_aQR53 _b.P67 1982 |
|
| 082 | 0 |
_a660.62 _219 |
|
| 090 |
_aQR53 _b.P67 1982 |
||
| 100 | 1 |
_aPrescott, Samuel Cate, _d1872-1962. _92220 |
|
| 240 | 1 | 0 | _aIndustrial microbiology |
| 245 | 1 | 0 | _aPrescott & Dunn's industrial microbiology. |
| 250 |
_a4th ed. / _bedited by Gerald Reed. |
||
| 260 |
_aWestport, Conn. : _bAVI Pub. Co., _cc1982. |
||
| 300 |
_axii, 883 p. : _bill. ; _c23 cm. |
||
| 500 | _aIncludes index. | ||
| 504 | _aIncludes bibliographical references. | ||
| 650 | 0 |
_aIndustrial microbiology. _92221 |
|
| 700 | 1 |
_aDunn, Cecil Gordon, _d1904- _92222 |
|
| 700 | 1 |
_aReed, Gerald, _d1913-2008. _92223 |
|
| 740 | 0 | _aPrescott and Dunn's industrial microbiology. | |
| 942 |
_2ddc _cBK |
||
| 999 |
_c480284 _d480284 |
||